Movies Quiz

Random Movies or Clickable Quiz

Amazon Movie Reviews VIII Quiz Stats

 Plays Quiz Updated Jun 16, 2017

Support Sporcle.
Go Orange.
Score 0/20 Timer 08:00
5 Plays Today
% Correct
The Secret Life of Pets
95.3%
Jurassic World
95.1%
Ocean's Eleven
89.3%
Magic Mike
89%
Rogue One
88.4%
Fantastic Beasts and Where to Find Them
87.2%
Logan
84.9%
Arrival
75%
Passengers
72.9%
Captain America: Civil War
71.3%
% Correct
Westworld
69.8%
American Sniper
67.9%
Jackie
62.6%
Manchester by the Sea
62.4%
The Girl on the Train
46.1%
Fantastic Four (2015)
42.4%
Suicide Squad
29.3%
Patriots Day
23.4%
Saving Christmas
21.6%
Moana
20%

You're not logged in!

Compare scores with friends on all Sporcle quizzes.
OR
Log In
Forgot?

From the Vault

Greek, Latin or Hebrew?

by Rackie

English is already hard enough.
Remove Ads.
Support Sporcle.
Get the best of Sporcle when you Go Orange. This ad-free experience offers more features, more stats, and more fun while also helping to support Sporcle. Thank you for becoming a member.

Show Comments

Extras

Top Quizzes Today


Score Distribution

Your Account Isn't Verified!

In order to create a playlist on Sporcle, you need to verify the email address you used during registration. Go to your Sporcle Settings to finish the process.

Report this User

Report this user for behavior that violates our Community Guidelines.

Details: